000 01135nam a22003377a 4500
003 CHAP
005 20220329134342.0
008 971013s1979 r 00010 d
010 _a19187
011 _a20159
035 _a24247
040 _cCHAP
090 _aTesis
100 0 0 _aDíaz y Almanza, Felipe de Jesús.
_933672
245 _aContribución el estuldio de la incidencia y distribución de (
260 _aMéxico, D.F. :
_bEl autor,
_c1979
300 _a33 h.
502 _aTesis (Médico Veterinario Zootecnista) -- UNAM. Fac. de Medicina Veterinaria y Zootecnia
590 _aALEPH
_b10
_c20130110
_lUCH01
_h1243
590 _aBATCH-UPD
_b10
_c20130110
_lUCH01
_h0202
590 _aBATCH-UPD
_b10
_c20130110
_lUCH01
_h2256
590 _aBATCH-UPD
_b10
_c20130409
_lUCH01
_h2211
590 _aBATCH-UPD
_b10
_c20130410
_lUCH01
_h1549
590 _aBATCH-UPD
_b10
_c20130914
_lUCH01
_h1218
590 _aCONVERSION
_b10
_c20130109
_lUCH01
_h1312
650 1 4 _aNemátodos parásitos de bovinos.
_980829
650 1 4 _aSingamus laryngeus.
_9106582
901 _aBK
942 _cTESIS
949 _bBC
_cTES
_d-55969
_eTS1
_i24247
_si
999 _c19187
_d19187